Lana Del Rey - Toutes les chansons - Statistiques

Statistiques générales
  • Ce quiz a été pris 67 fois
    15 depuis la dernière actualisation
  • Le résultat moyen est 118 sur 161
Statistiques - réponses
Hint Réponse % Correct
Lust for Life 3 13 Beaches
100%
Born to Die Édition Paradise 17 American
100%
Blue Banisters 3 Arcadia
100%
Honeymoon 7 Art Deco
100%
Lasso / The Right Person Will Stay / Stove 2025 Bluebird
100%
Born to Die 3 Blue Jeans
100%
Born to Die Édition Paradise 20 Blue Velvet
100%
Born to Die 1 Born to Die
100%
Norman Fucking Rockwell 9 California
100%
Born to Die 9 Carmen
100%
Chemtrails Over The Country Club 2 Chemtrails Over The Country Club
100%
Lust for Life 4 Cherry
100%
Born to Die 7 Dark Paradise
100%
Did you know that there's a tunnel under Ocean Blvd 2 Did you know that there's a tunnel under Ocean Blvd
100%
Blue Banisters 2 Blue Banisters
100%
Ultraviolence 2 Ultraviolence
100%
Ultraviolence Édition Deluxe 14 Florida Kilos
100%
Honeymoon 6 Freak
100%
Norman Fucking Rockwell 4 Fuck It I Love You
100%
Born to Die Édition Paradise 21 Gods & Monsters
100%
Ultraviolence Édition Deluxe 13 Guns & Roses
100%
Lasso / The Right Person Will Stay / Stove 2025 Henry, come on
100%
Honeymoon 1 Honeymoon
100%
Norman Fucking Rockwell 8 How to Disappear
100%
Ultraviolence Édition Deluxe 15 Is This Happiness
100%
Blue Banisters 13 Living Legend
100%
Born to Die Édition Deluxe 14 Lolita
100%
Lust for Life 1 Love
100%
Norman Fucking Rockwell 6 Love Song
100%
Lust for Life 2 Lust for Life (featuring The Weeknd)
100%
Did you know that there's a tunnel under Ocean Blvd 13 Margaret (feat. Bleachers)
100%
Norman Fucking Rockwell 2 Mariners Apartment Complex
100%
Born to Die 10 Million Dollar Man
100%
Honeymoon 2 Music to Watch Boys to
100%
Norman Fucking Rockwell 1 Norman Fucking Rockwell
100%
Born to Die 2 Off To The Races
100%
Ultraviolence 10 Old Money
100%
Did you know that there's a tunnel under Ocean Blvd 10 Paris, Texas (feat. SYML)
100%
Born to Die 8 Radio
100%
Born to Die Édition Paradise 16 Ride
100%
Ultraviolence 3 Shades of Cool
100%
Born to Die 11 Summertime Sadness
100%
Did you know that there's a tunnel under Ocean Blvd 3 Sweet
100%
Honeymoon 3 Terrence Loves You
100%
Norman Fucking Rockwell 10 The Next Best American Record
100%
Ultraviolence 11 The Other Woman
100%
Chemtrails Over The Country Club 3 Tulsa Jesus Freak
100%
Norman Fucking Rockwell 3. Venice Bitch
100%
Blue Banisters 8 Violets for Roses
100%
Ultraviolence 5 West Coast
100%
Lust for Life 5 White Mustang
100%
Born to Die Édition Deluxe 13 Without You
100%
Singles 2013 Young & Beautiful
100%
Honeymoon 12 24
80%
Did you know that there's a tunnel under Ocean Blvd 4 A&W
80%
Norman Fucking Rockwell 12 Bartender
80%
Blue Banisters 7 Beautiful
80%
Lust for Life 12 Beautiful People Beautiful Problems (featuring Stevie Nicks)
80%
Born to Die Édition Paradise 23 Bel Air
80%
Blue Banisters 5 Black Bathing Suit
80%
Ultraviolence Édition Deluxe 12 Black Beauty
80%
Ultraviolence 4 Brooklyn Baby
80%
Did you know that there's a tunnel under Ocean Blvd 6 Candy Necklace (feat. Jon Batiste)
80%
Lust for Life 15 Change
80%
Blue Banisters 14 Cherry Blossom
80%
Norman Fucking Rockwell 7 Cinnamon Girl
80%
Lust for Life 9 Coachella – Woodstock in My Mind
80%
Born to Die Édition Paradise 18 Cola
80%
Ultraviolence 1 Cruel World
80%
Blue Banisters 9 Dealer
80%
Born to Die 5 Diet Mountain Dew
80%
Ultraviolence 9 Fucked My Way Up to the Top
80%
Honeymoon 4 God Knows I Tried
80%
Norman Fucking Rockwell 13 Happiness Is a Butterfly
80%
Lust for Life 14 Heroin
80%
Honeymoon 5 High by the Beach
80%
Norman Fucking Rockwell 14 Hope Is a Dangerous Thing for a Woman like Me to Have – but I Have It
80%
Lust for Life 8 In My Feelings
80%
Lana Del Ray 1 Kill Kill
80%
Chemtrails Over The Country Club 4 Let Me Love You like A Woman
80%
Did you know that there's a tunnel under Ocean Blvd 12 Let The Light In (feat. Father John Misty)
80%
Born to Die Édition Deluxe 15 Lucky Ones
80%
Ultraviolence 8 Money Power Glory
80%
Born to Die 6 National Anthem
80%
Ultraviolence 7 Pretty When You Cry
80%
Honeymoon 9 Religion
80%
Ultraviolence 6 Sad Girl
80%
Honeymoon 10 Salvatore
80%
Lust for Life 6 Summer Bummer (featuring ASAP Rocky and Playboi Carti)
80%
Honeymoon 13 Swan Song
80%
Blue Banisters 15 Sweet Carolina
80%
Blue Banisters 1 Text Book
80%
Honeymoon 11 The Blackest Day
80%
Did you know that there's a tunnel under Ocean Blvd 1 The Grants
80%
Norman Fucking Rockwell 11 The Greatest
80%
Born to Die 12 This Is What Makes Us Girls
80%
Blue Banisters 10 Thunder
80%
Lust for Life 13 Tomorrow Never Came (featuring Sean Ono Lennon)
80%
Born to Die 4 Video Games
80%
Chemtrails Over The Country Club 1 White Dress
80%
Lasso / The Right Person Will Stay / Stove 2026 White Feather Hawk Tail Deer Hunter
80%
Lana Del Ray 13 Yayo
80%
Born to Die Édition Paradise 22 Yayo
80%
Born to Die Édition Paradise 19 Body Electric
60%
Chemtrails Over The Country Club 9 Breaking Up Slowly (with Nikki Lane)
60%
Born to Die Édition Paradise 24 Burning Desire
60%
Honeymoon 8 Burnt Norton (Interlude)
60%
Norman Fucking Rockwell 5 Doin' Time
60%
Honeymoon 14 Don't Let Me Be Misunderstood
60%
Did you know that there's a tunnel under Ocean Blvd 9 Fingertips
60%
Singles 2026 First Light pour James Bond
60%
Did you know that there's a tunnel under Ocean Blvd 14 Fishtail
60%
Ultraviolence Édition Deluxe 16 Flipside
60%
Chemtrails Over The Country Club 11 For Free (ft. Zella Day & Weyes Blood)
60%
Lana Del Ray 5 For K Part 2
60%
Lust for Life 16 Get Free
60%
Lust for Life 10 God Bless America – and All the Beautiful Women in It
60%
Did you know that there's a tunnel under Ocean Blvd 11 Grandfather please stand on the shoulders of my father while he's deep-sea fishing
60%
Lust for Life 7 Groupie Love (featuring ASAP Rocky)
60%
Blue Banisters 6 If You Lie Down With Me
60%
Blue Banisters 4 Interlude - The Trio
60%
Did you know that there's a tunnel under Ocean Blvd 7 Jon Batiste Interlude
60%
Did you know that there's a tunnel under Ocean Blvd 5 Judah Smith Interlude
60%
Did you know that there's a tunnel under Ocean Blvd 8 Kintsugi
60%
Blue Banisters 12 Nectar of the Gods
60%
Chemtrails Over The Country Club 7 Not All Who Wander Are Lost
60%
Singles 2014 Once Upon a Dream pour "Maléfique"
60%
Did you know that there's a tunnel under Ocean Blvd 15 Peppers (feat. Tommy Genesis)
60%
Lana Del Ray 2 Queen of the Gas Station
60%
Collaborations 2022 Snow on the Beach de Taylor Swift
60%
Did you know that there's a tunnel under Ocean Blvd 16 Taco Truck x VB
60%
Collaborations 2024 Tough de Quavo
60%
Lust for Life 11 When the World Was at War We Kept Dancing
60%
Chemtrails Over The Country Club 5 Wild At Heart
60%
Blue Banisters 11 Wildflower Wildfire
60%
Chemtrails Over The Country Club 8 Yosemite (with Rick Nowells)
60%
Chemtrails Over The Country Club 10 Dance Till We Die
40%
Chemtrails Over The Country Club 6 Dark But Just A Game
40%
Lana Del Ray 6 Jump
40%
Collaborations 2023 Lost at Sea de Rob Grant
40%
Lana Del Ray 11 Put Me In a Movie
40%
Singles 2023 Say Yes to Heaven
40%
Singles 2020 Season of the Witch pour "Scary Story to Tell in the Dark)
40%
Singles 2022 Watercolor Eyes pour "Euphoria"
40%
Lana Del Ray 10 Brite Lites
20%
Collaborations 2022 Buddy's Rendezvous de Father John Misty
20%
Collaborations 2018 God Save Our Young Blood de BORNS
20%
Lana Del Ray 4 Gramma (Blue Ribbon Sparkler Trailer Heaven)
20%
Collaborations 2023 Hollywood Bowl de Rob Grant
20%
Lana Del Ray 7 Mermaid Motel
20%
Lana Del Ray 3 Oh Say You Can See
20%
Lana Del Ray 9 Pawn Shop Blues
20%
Lana Del Ray 8 Raise Me Up (Mississippi South)
20%
Lana Del Ray 12 Smarty
20%
Singles 2023 Take me Home, Country Roads
20%
Singles 2023 Blue Skies pour "The New Look"
0%
Collaborations 2022 Dayglo Reflection de Bobby Womack
0%
Collaborations 2020 Hallucinogenics de Matt Maeson
0%
Singles 2019 Looking for America
0%
Collaborations 2023 Suburban House de Holly Macve
0%
Singles 2020 Summertime The Gershwin Version
0%
Aucun quiz correspondant
Distribution des résultats
% des personnes avec chaque résultat
Percentile par nombre de réponses
Votre historique - résultats
Vous n’avez pas pris ce quiz depuis la dernière actualisation